Asamiya sahityar chamu buranji/ (Record no. 3572)

MARC details
000 -LEADER
fixed length control field 00586cam a2200205ua 4500
005 - DATE AND TIME OF LATEST TRANSACTION
control field 20260226075811.0
008 - FIXED-LENGTH DATA ELEMENTS--GENERAL INFORMATION
fixed length control field 160823n ii |||gr||||Z||||||asm
040 ## - CATALOGING SOURCE
Transcribing agency MAIN
041 ## - LANGUAGE CODE
Language code of sung or spoken text Assamese
082 ## - DEWEY DECIMAL CLASSIFICATION NUMBER
Classification number 891.4514
Item number GOS
100 ## - MAIN ENTRY--PERSONAL NAME
Personal name Goswami, Jatindra Nath,
Relator term Author
245 ## - TITLE STATEMENT
Title Asamiya sahityar chamu buranji/
Statement of responsibility, etc. by Jatindra Nath Goswami
250 ## - EDITION STATEMENT
Edition statement 3rd.
260 ## - PUBLICATION, DISTRIBUTION, ETC.
Place of publication, distribution, etc. Guwahati:
Name of publisher, distributor, etc. New book stall,
Date of publication, distribution, etc. 1964.
300 ## - PHYSICAL DESCRIPTION
Extent 272p:
Dimensions 23cm.
650 ## - SUBJECT ADDED ENTRY--TOPICAL TERM
Topical term or geographic name entry element Short history of Assamese literature
942 ## - ADDED ENTRY ELEMENTS (KOHA)
Koha item type Books
Source of classification or shelving scheme Dewey Decimal Classification
653 ## - INDEX TERM--UNCONTROLLED
Uncontrolled term Assamese literature
653 ## - INDEX TERM--UNCONTROLLED
Uncontrolled term Asamiya sahityar Chamu buranji
Holdings
Withdrawn status Lost status Source of classification or shelving scheme Damaged status Not for loan Collection code Home library Current library Shelving location Date acquired Cost, normal purchase price Total Checkouts Full call number Barcode Date last seen Date last checked out Copy number Price effective from Koha item type
    Dewey Decimal Classification     Assamese Central Library, Naharkatiya College Central Library, Naharkatiya College General Stacks 19/09/2020 6.00 2 891.4514 GOS 7676 27/03/2026 26/02/2026 1 19/09/2020 Books
    Dewey Decimal Classification     Assamese Central Library, Naharkatiya College Central Library, Naharkatiya College General Stacks 19/09/2020 6.00   891.4514 GOS 7677 19/09/2020   2 19/09/2020 Books
    Dewey Decimal Classification     Assamese Central Library, Naharkatiya College Central Library, Naharkatiya College General Stacks 11/02/2022 6.00 2 891.4514 GOS 7675 23/03/2022 22/02/2022 3 11/02/2022 Books
    Dewey Decimal Classification     Assamese Central Library, Naharkatiya College Central Library, Naharkatiya College General Stacks 26/02/2026 6.00   891.4514 GOS 7679 26/02/2026   4 26/02/2026 Books

Naharkatiya College © 2020. All rights reserved.

Powered By